[Event "Moscow Tal Memorial 10th"]
[Site "Moscow"]
[Date "2016.10.02"]
[Round "6"]
[White "Aronian, Levon"]
[Black "Giri, Anish"]
[Result "1-0"]
[WhiteElo "2795"]
[BlackElo "2755"]
[Annotator "Marin,M"]
[PlyCount "67"]
[EventDate "2016.09.26"]
[EventType "tourn"]
[EventRounds "9"]
[EventCountry "RUS"]
[EventCategory "21"]
[SourceTitle "CBM 175"]
[Source "ChessBase"]
[SourceDate "2016.11.10"]
[SourceVersion "1"]
[SourceVersionDate "2016.11.10"]
[SourceQuality "1"]

1. c4 e5 2. g3 Nf6 3. Bg2 d5 4. cxd5 Nxd5 5. Nf3 Nc6 6. O-O Nb6 ({Giri
apparently did not find a convincing improvement over Aronian's previous
experience with} 6... Be7 7. d4 {Aronian,L (2792)-Fressinet,L (2687) Paris
2016 CBM 173 [Marin,M] (1-0, 49)}) 7. d3 ({The main alternative is} 7. b3 Be7 (
7... Bd6 {Aronian,L (2773)-Shirov,A (2730) Bilbao 2009 CBM 132 [Marin,M] (1-0,
43)}) 8. Bb2 {Nakamura,H (2802)-Hammer,J (2677) Stavanger 2015 CBM 167 [Sagar
Shah] (1-0, 53)}) ({And of course} 7. Nc3 {would just transpose to the main
lines but this is not what White usually wants when choosing this move order.})
7... Be7 8. Be3 $5 {The bishop frequently lands on e3 in the reversed Dragon
English, but mostly with a knight on c3. Aronian's plan, even though not
completely new, is rather exotic.} ({The normal line goes} 8. Nbd2 O-O ({
The extravagant} 8... g5 {in Korchnoi's style was also tried in Bischoff,K 
(2559)-Vallejo Pons,F (2678) Germany 2005 CBM 106 [Ribli] (1-0, 31)}) 9. a3 a5
10. b3 Be6 11. Bb2 f6 12. Qc2 Qd7 13. Rfd1 Rfd8 14. Rac1 Bf8 {[%csl Gb3][%cal
Gd7f7] Portisch,L (2533)-Almasi,Z (2646) Szekesfehervar 2006 CBM 112 [Ribli] 
(0-1, 42). Black is perfectly regrouped and even though White's position looks
flexible, too, the weakness of the b3-pawn restricts his active possibilities.}
) 8... O-O (8... Nd5 {is not too annoying yet as the bishop has a square to
which to retreat.} 9. Bd2 (9. Nc3 Nxe3 10. fxe3 O-O 11. d4 {is a double edged
alternative. White is better developed and has some initiative but if Black
consolidates the central pawns may become weak.}) 9... O-O 10. Nc3 Be6 11. Rc1
f6 ({It may have been better to delay this move with, for instance} 11... Qd7
12. Ne4 f6) 12. Qb3 {[%csl Gb7,Gd5] Suddenly Black has concrete problems.} Na5
$6 (12... Rb8 $6 13. Ng5 $1) (12... Nf4 $2 {is known to lose material from
similar Dragon positions with reversed colours. Here the line is a bit more
complex.} 13. Qxb7 Na5 14. Qa6 c6 {Hoping to trap the queen with ...Bc8.} 15.
Ne4 Nxe2+ 16. Kh1 Nxc1 17. Rxc1 $16 {The a5-knight is lost.}) ({the best
defence was} 12... Bb4 {but after} 13. Qc2 {the bishop would be misplaced. All
in all, Black would probably lose a tempo.}) 13. Qb5 c6 14. Qa4 Nb4 15. Ne4 Qb6
{Dizdarevic,E (2498)-Ascic,P (2293) Bosnjaci 2013 (1-0, 41) The awful
placement of Black's knights allowed} 16. Nc5 $1 (16. Rc5 $1 {is similar.})
16... Bxc5 17. Rxc5 Qxc5 18. Bxb4 $18) 9. Nbd2 {Quite a daring move ignoring
the threat ...Nd5.} (9. Qc1 Re8 10. Nbd2 {[%csl Gc5] is more cautious but in
principle White would prefer placing a rook on c1, as Aronian later did.} Bg4
11. Bc5 f5 12. Nb3 Bf6 $13 {Azmaiparashvili,Z (2670)-Vallejo Pons,F (2559)
Ohrid 2001 (0-1, 42)}) ({This was the last moment when White could have
transposed to a main line branch with} 9. Nc3) 9... Be6 {Not really a bad move,
but it helps White reach a natural position.} ({The critical test is} 9... Nd5
10. Nc4 ({With reversed colours, Black would probably not mind a structure
such as arose after} 10. Rc1 Nxe3 11. fxe3 Be6 12. a3 a5 13. Ne4 {but with
White the requirements are higher, so personally I would not play like this.})
10... Nxe3 11. Nxe3 Re8 12. Rc1 ({Starting the knight dance on the available
squares with} 12. Nc4 f6 13. Nfd2 {looks more to the point. It remains an open
question whether Black can use his bishop for more than the modest aim of
defending c5.}) 12... Bf8 13. Rxc6 $5 {Interesting but not really adequate.}
bxc6 14. Qc2 Rb8 15. b3 Bd7 {Artemiev,V (2663)-Matlakov,M (2691) Sochi 2016 
(½-½, 61), and White never entirely got adequate compensation for the
exchange.}) 10. Rc1 {[%cal Gd2e4,Gd2b3,Ge3c5] Now everything is in the right
place, White always has Bc5 in the event of an emergency.} Qd7 (10... Nd5 11.
Bc5 f6 12. d4 $5 Bxc5 (12... exd4 13. Nb3 $14) 13. Rxc5 Qe7 14. Qc1 exd4 15.
Rxc6 $1 bxc6 16. Nxd4 $44 {with clearer compensation than in the game quoted
above. White will at least get one pawn while retaining the better structure.})
11. a3 Bh3 $2 {A serious misunderstanding of the position. Exchanging the
bishops is good only if Black gets attacking chances as otherwise his control
in the centre and on the queenside diminishes.} ({Once again} 11... Nd5 {
is more normal, although White has fluent play after} 12. Bc5 f6 13. Bxe7 Ndxe7
14. b4) 12. Bxh3 $1 {Distracting the queen from the centre.} Qxh3 13. b4 {
Suddenly the c7- and e5-pawns are hanging.} Bd6 (13... a6 {loses a pawn to} 14.
Bxb6 cxb6 15. Nc4 {[%csl Gb6,Ge5]}) ({Even though admitting that the exchange
of bishops has been among others a mere loss of time,} 13... Qd7 {deserves
attention.} 14. Ne4 (14. b5 Na5 {[%csl Gb5] is not entirely clear}) 14... Rfd8
15. Bc5 Bd6 16. Qb3 $14) 14. Qb3 {With the light-squared bishops on the board
the queen would not have that much mobility on the queenside.} Ne7 {Black's
play looks somewhat chaotic as his moves do not make part of a coherent plan.}
({But the more natural} 14... Rad8 15. Ne4 $14 {[%cal Gf1d1,Gd3d4] also looks
pleasant for White.}) 15. d4 {A logical reaction to the passive knight retreat
but not the only good plan.} (15. Bc5 {[%csl Re7][%cal Gf3e5]} Qd7 (15... Rfe8
$2 16. Qxf7+ $1 Kxf7 17. Ng5+) (15... Rae8 16. Bxd6 cxd6 17. Rc7 $16) 16. Ne4
$36 {[%cal Gf1d1,Gd3d4]}) 15... exd4 16. Bxd4 $14 {[%cal Gd2e4,Ge4d6,Ge4c5]
White has emerged out of the opening with a dream position. He has a promising
queenside minority attack and a kingside majority which could become dangerous
if put into motion. All these are sustained by his superior piece activity.}
Nc6 17. Ne4 Nxd4 18. Nxd4 Qd7 {This looks like one of the least favourable
moments to return with the queen.} (18... Be5 19. Nf3 Rae8 20. Nc5 Qc8 {
is more coherent, but White retains unpleasant pressure after, say,} 21. Rfd1
$14 {anyway.}) 19. Rfd1 {Completing the development and putting pressure on
the errant queen.} Be5 (19... Rad8 20. Qf3 $1 $16 {[%csl Yb7][%cal Gd4f5,Ye4d6]
}) 20. Nc6 Qe8 21. Na5 Rb8 22. Nc5 {With precise play, White should already
count on a technical win. But Aronian shows us that perfect technique implies
a bit of accurate calculating, too.} Qc8 23. Qf3 c6 24. b5 $1 {Destroying
Black's queenside fortress.} Bb2 (24... cxb5 25. Nd7 Qxd7 26. Rxd7 Nxd7 27.
Nxb7 $18) 25. bxc6 $1 ({Even stronger than} 25. Rc2 cxb5 26. Qd3 Bf6 27. Ncxb7
Qe6 28. Qxb5 {when White is "only" a pawn up.}) 25... Bxc1 26. Rxc1 Qc7 (26...
bxc6 27. Nxc6 {[%cal Gc6e7,Gc6b8] retrieves the exchange and retains the extra
pawn and clear domination.}) 27. cxb7 {This pawn, sustained by the knights,
will end the game soon.} Na4 (27... Rfe8 28. Qc3 {[%cal Gc5a6]}) 28. Ncb3 Qe7 (
28... Qb6 29. Qc6 $5 Nb2 30. Nc5 $1 Qxa5 31. Nd7 Rxb7 32. Qxb7 Re8 33. Rc8 Qe1+
34. Kg2 Qxe2 35. Qa8 $18) 29. Nd4 Qg5 30. Qf4 $1 {The start of the final
combination.} Qxa5 (30... Qxf4 31. gxf4 {[%cal Gd4c6]}) 31. Qxb8 $1 Rxb8 32.
Rc8+ Qd8 33. Rxd8+ Rxd8 34. Nc6 (34. Nc6 {the point is that after} Re8 {
White does not have to content himself with an extra pawn in the knight ending,
which would make resignation a bit premature, but can promote his pawn with}
35. Ne7+ Kf8 36. Nc8 $1) 1-0

[Event "Gashimov Memorial 2nd"]
[Site "Shamkir"]
[Date "2015.04.24"]
[Round "7"]
[White "Anand, Viswanathan"]
[Black "Adams, Michael"]
[Result "1-0"]
[WhiteElo "2791"]
[BlackElo "2745"]
[Annotator "Mokal,P"]
[PlyCount "101"]
[EventDate "2015.04.17"]
[EventType "tourn"]
[EventRounds "9"]
[EventCountry "AZE"]
[EventCategory "21"]
[SourceTitle "CBM 166"]
[Source "ChessBase"]
[SourceDate "2015.05.11"]
[SourceVersion "1"]
[SourceVersionDate "2015.05.11"]
[SourceQuality "1"]

1. c4 {A surprise. Anand "I had some ideas here. The problem today though, was
that Michael has himself started playing 1.c4 in the last couple of years. But
I thought that I will give it a shot anyway."} e5 2. g3 c6 3. Nf3 e4 4. Nd4 d5
{English Opening games starting with 1.c4 e5 very often end up being some sort
of reverse Sicilian. This time we have a reverse Sicilian Alapin (1.e4 c5 2.c3
Nf6 3.e5 Nd5 4.d4) with an extra g3 move for White.} 5. cxd5 Qxd5 (5... cxd5 {
is not very common as the extra move that White has gained in the reverse
opening benefits White more.}) 6. Nc2 Nf6 7. Nc3 (7. Bg2 {takes the game to
some standard lines that usually begin with 1.c4 e5 2.g3 Nf6 3.Bg2 c6 4.Nf3 e4
5.Nd4 d5 6.cxd5 Qxd5 7.Nc2. Play usually continues} Qh5 {[%cal Gc8h3]} 8. h3 {
(preventing Black's ...Bh3 plan) and so on.}) 7... Qh5 8. Ne3 (8. Bg2 $6 Bh3
$132) 8... Bc5 (8... Bh3 $6 9. Qb3 $1 {[%csl Rb7]} b5 (9... b6 $5) 10. Qc2 Bxf1
11. Rxf1 {[%csl Re4]} Qe5 12. f3 exf3 13. Rxf3 $36 {[%csl Rb5,Rc6] provoking
weaknesses and taking the initiative in 1-0 Berkes vs Borisek, Heraklio 2007.})
9. Qc2 {White continues to delay Bg2, less as a strategy now, more as a
necessity.} (9. Bg2 Bxe3 10. fxe3 Bh3 $132) 9... Bxe3 10. fxe3 {[%cal Gf1f7]}
Qe5 ({It was also worth considering giving up the e4-pawn for development with
} 10... O-O $5 11. Nxe4 Nxe4 12. Qxe4 Be6 $13 {[%cal Ge6d5]}) 11. Bg2 Bf5 12.
O-O O-O 13. b3 $146 ({A previous game had seen} 13. b4 $5 Nbd7 14. Bb2 Qe6 15.
b5 Rac8 16. Qb3 $14 {Littke vs Kolek, Correspondence 2011}) (13. Rxf5 $6 {
is a little too early to be good.} Qxf5 14. Nxe4 Nbd7 $15) 13... Nbd7 14. Bb2
Qe6 ({Black would have avoided the coming sacrifice with} 14... Bg6 $5 15. Rf4
{[%csl Re4]} (15. Nxe4 Bxe4 16. d3 $8 Qg5 $1 17. dxe4 Qxe3+ $11) 15... Qc5 {
Still, with the double Bs and f<-> White's position seems slightly preferable.}
) 15. Rxf5 $1 {A fine exchange sacrifice by Anand. White gets more than enough
compensation in the form of one and a half pawns (one pawn clear and half for
the double B advantage!) as well as a nice semi-open f<-> for his remaining R.}
Qxf5 16. Nxe4 Qg6 (16... Nxe4 17. Bxe4 Qh5 18. Rf1 {[%cal Gf1f4] /\Rf4 "With
the 2 Bs and opportunities on the f<-> I was feeling very optimistic." Vishy
Anand.}) ({Worth considering was} 16... Qe6 $5 {getting away from the b1-h7 /^
so as to threaten ...Nxe4.} 17. Nxf6+ (17. Rf1 Nxe4 18. Bxe4 g6 {[%cal Gf7f6]
with...f6 to follow. This still seems slightly better for White but maybe
Black can hope for a better life.}) 17... Nxf6 18. Rf1 $14 {White keeps a
slight edge.}) 17. Rf1 Rfe8 {Black accepts a shattered pawn structure hoping
that ridding the opponent of the double B advantage will be useful to
neutralise his initiative. The decision becomes understandable when one
realises that the alternatives are not so inspiring.} (17... Nd5 18. Bh3 $16 {
[%csl Rd7][%cal Gh3f5]}) (17... Ng4 18. Qc3 {[%cal Ge4d6]} Rab8 19. Nd6 $16 {
[%cal Gg2e4,Gd6f5,Ge4f5]}) (17... Nh5 18. Bh3 {[%csl Rd7][%cal Gh3f5]} f5 19.
Bxf5 Rxf5 20. Rxf5 Qxf5 21. Nf6+ Qxf6 22. Bxf6 Nhxf6 23. Qc4+ Kh8 24. Qb4 $16 {
Slowly White will start pushing his extra pawns while the Q keeps the Black
pieces on their toes.}) (17... Nxe4 18. Bxe4 Qh5 19. Rf5 Qh6 20. Rf4 {[%cal
Gf4h4]} g5 21. Rf1 (21. Rg4 $5) 21... f6 22. Bf5 $16 {[%csl Gb2,Gf5,Rg8]}) 18.
Bxf6 {White does not shy away from giving up a B for N as in return he
inflicts permanent structural damage. The exchange of one advantage for
another is a typical tool in the hands of a Master.} Nxf6 19. Nxf6+ gxf6 20. e4
{[%cal Gf1f4,Gg2h3,Gh3f5] Anand "White's dream setup will be Rf4 and Bf5 but
ideally the B on f5 cutting off Black's Q on the K. Unfortunately there isn't
enough time to achieve this."} Rad8 21. Rf4 Qh5 {[%csl Re2]} 22. d3 {[%csl Gd3,
Ge2,Ge4][%cal Gg2h3,Gh3f5,Gf4h4] White does not mind putting the pawns on the
light squares in order to establish a strong centre and keep the Black Rs at
bay.} Qe5 23. Bh3 Kg7 24. Kg2 {[%cal Gh3f5,Gc2d2,Gf4h4] /\Bf5, Qd2, Rh4.} h5 $6
{The last few moves involved logical positional manoeuvering. White had plans
to slowly improve his position but even then for Black it was not the end of
the world. This pawn sacrifice complicates matters, trying to get some
initiative in return for the time that White will lose in taking the pawn and
then returning the R into the game.} ({Maybe a strong solid defence would
underline the difficulties facing White in making progress.} 24... Qd4 $5 25.
Rg4+ (25. Bf5 h5 26. Qd2 (26. Rh4 Rh8 $11) 26... Rh8 $11) 25... Kh8 26. Rh4 (
26. Qc1 Rg8 27. Rh4 Rg5 28. Bf5 h5 {holds the fort.}) 26... Qe3 27. Bf5 h6 {
But even then White's position is more pleasant and easier to play. White
would keep applying pressure.}) 25. Rf5 Qd4 26. Rxh5 Qe3 $6 ({Black should
have tried to exchange one R with} 26... Re5 $142 27. Bf5 (27. Rh4 Rh8 $1 28.
Rxh8 (28. Rf4 $2 Reh5 $17) 28... Kxh8 29. Qd2 Kg7 $11) 27... Qe3 28. Rh4 (28.
Qb2 Rh8 $1 29. Rxh8 Kxh8 30. d4 Rb5 $15) 28... Rh8 29. Rg4+ (29. Rf4 $2 Rc5 30.
Qb2 Rc1 $19 {[%csl Rg1]}) (29. Rxh8 Kxh8 30. b4 a5 $15) 29... Kf8 {and Black
threatens to give perpetual. For example} 30. b4 Rxh2+ 31. Kxh2 Qf2+ 32. Kh3
Qf1+ $11) 27. Rh4 $1 (27. Rf5 $2 Rxe4 $1 28. dxe4 Rd2 29. Qc4 {The only
serious defensive try, with the idea of provoking the weakening of the c6-pawn.
} (29. Qc5 Rxe2+ 30. Kh1 Re1+ 31. Bf1 (31. Kg2 Rg1#) 31... Rxf1+ 32. Kg2 Rf2+
33. Kh3 Qh6+ (33... Qxc5 34. Rxc5 Rxa2 {also gives good winning chances for
Black due to the possibility of obtaining connected passed pawns on <<.}) 34.
Kg4 Rxh2 $19) 29... b5 30. Qc5 Rxe2+ 31. Kh1 Re1+ 32. Bf1 Rxf1+ 33. Kg2 Rf2+
34. Kh3 Qh6+ (34... Qxc5 35. Rxc5 Rxa2 36. Rxc6 $11) 35. Kg4 Rxh2 $17) 27...
Re5 28. Rf4 (28. Bf5 $6 {would transpose to the 26...Re5 variation above.})
28... Rc5 29. Qb2 {[%csl Rf6]} Rd6 {[%cal Gc5c1]} 30. Rf1 a5 ({Anand and Adams
both mentioned that ...Qd4 was better somewhere according to their post-mortem
analysis. I believe it was here, especially since Qc1 or Qd2 is not available
for White.} 30... Qd4 $142 31. Qb1 (31. Qd2 $2 Qxe4+) 31... Qe3 32. Bg4 Qd2 {
[%cal Gd2c2] Black seems to be doing fine.}) 31. Bf5 b5 32. h4 (32. b4 $6 axb4
33. Rf3 Qc1 $1 (33... Qd4 34. Qd2 {[%cal Gf3f4,Gf4h4,Gd2f4] trying to return
to the previous manoeuvres on the >>}) 34. Qxb4 Qc3 35. Qb1 (35. Qxc3 Rxc3 36.
Rf1 Rc2 37. Kf2 Rxa2 $17) 35... Qc2 {[%csl Ra2,Re2]} 36. Qf1 Qxa2 37. Rf4 Rc2
38. Kf3 {[%cal Gf1h3,Gf4g4]} Qa5 39. Rg4+ (39. Qh3 $2 Qe1 $19) 39... Kf8 $17)
32... Rd8 (32... Qd4 33. Qd2 $16 {[%cal Gd2f4,Gf4g4,Gh4h5,Gh5h6]}) (32... a4
33. bxa4 (33. Kh3 $5) 33... bxa4 34. Bg4 {[%cal Gb2b8,Gg4e2]} Rb5 35. Qa3 {
[%csl Ra4,Rd6]} Qd4 36. h5 $5 $14) (32... b4 $5 {[%cal Gc5c3]} 33. a3 $2 bxa3
$19 {[%csl Re2]}) 33. a3 {Anand mentioned that he was happy after seeing 32...
Rd8. He had seen the Be6 trick already but of course he wanted to wait for the
c4-square to become available for his B to return to, in order to maximise the
potential of the idea.} (33. Be6 $6 Qd4 34. Qxd4 Rxd4 $17) 33... b4 $6 {
In his bid to take over the initiative, Adams overlooks the trick.} (33... Qd4
$142 34. Qd2 Qc3 35. Qf4 {[%cal Gf4g4]} Qb2 36. Rf2 $14) 34. axb4 axb4 35. Be6
$1 Rc3 (35... fxe6 $2 36. Qxf6+ Kh7 37. Qe7+ $18 {with mate to follow.}) (35...
Qd4 36. Qxd4 Rxd4 37. Bc4 $16 {[%cal Gg3g4] Anand "/\g4, K to e3. I think it
is just winning."}) 36. Bc4 $1 $16 {[%csl Gc4] Anand "Now it's very tough
because White can even offer the exchange of Qs and win slowly. Just by
exchanging g-pawn for f-pawn and then winning the f-pawn and then Black gets
some pawn in return maybe but White's play is simple because the B is too
strong."} Ra8 37. Rf5 Ra7 38. Rf3 Qc5 $6 (38... Qc1 $142 39. Qxc1 Rxc1 $16 {
This would be a slow death for Black, but yet a better choice because keeping
the Qs, as in the game made Black even more helpless.}) 39. Qd2 Qd6 40. Qe3 Ra5
41. Rf2 Rc2 42. g4 Qd7 43. Qg3 {[%csl Rf7][%cal Gg4g5,Gf2f7]} Rc5 (43... Qd8
44. g5 $18) 44. g5 fxg5 45. Rxf7+ Qxf7 46. Bxf7 Kxf7 47. Qf3+ Kg7 48. h5 $1 $18
{Black's Rs are misplaced. White has the material and White has the
compensation.} Ra5 49. Kf2 Rb2 $2 50. h6+ $1 {A nice finish!} Kg6 (50... Kxh6
51. Qf6+ Kh7 52. Qxb2 $18) 51. h7 {A nice victory for Anand and the first of
his two exchange sacrifices (both wins!) in the tournament.} (51. h7 Kxh7 52.
Qf7+ $18 {[%cal Gf7f6,Gf6h8,Gf6h6,Gf6b2]}) 1-0